| 000 | 00798cam a22002411 4500 | ||
|---|---|---|---|
| 001 | l 37000110 | ||
| 003 | DLC | ||
| 005 | 20260227111536.0 | ||
| 008 | 770428s1937 dcua f000 0 eng c | ||
| 010 | _al 37000110 | ||
| 035 | _a(OCoLC)2922961 | ||
| 040 |
_aU.S. Dept. of Labor _cMi _dDLC |
||
| 042 | _apremarc | ||
| 050 | 0 | 0 |
_aHD6093 _b.A35 no. 151 |
| 100 | 1 |
_aMettert, Margaret Jane Thompson, _d1907- |
|
| 245 | 1 | 0 |
_aInjuries to women in personal service occupations in Ohio, _cby Margaret T. Mettert. |
| 260 |
_aWashington, _bU.S. Govt. Print. Off., _c1937. |
||
| 300 |
_av, 23 p. _bpl. _c24 cm. |
||
| 490 | 0 |
_aBulletin of the [U.S.] Women's bureau, _vno. 151 |
|
| 650 | 0 |
_aIndustrial accidents _zOhio |
|
| 650 | 0 |
_aWomen _xEmployment _zOhio |
|
| 740 | 0 | _aPersonal service occupations in Ohio | |
| 999 |
_c36232 _d36232 |
||